000 01593nam a2200349 i 4500
003 CO-BoRNBP
005 20250526114546.0
007 ta
008 231128s2023 ck a|||er ||0 0 spa d
020 _a9789585242012
020 _a9788419271457
040 _aCO-BoRNBP
_bspa
_erda
_cCO-BoRNBP
041 0 _hspa
043 _0s-ck---
082 0 4 _a155.422
_bB34h
_222
084 _a14700
100 _aBilbao, Álvaro,
_d1976- ,
_959020
245 1 1 _a¡Hola familia!
_bel primer diccionario bebé-mamá, bebé-papá
_cÁlvaro Bilbao ; ilustrado por Susana Soto
250 _aEdición especial para el Ministerio de las Culturas
264 1 _aBogotá, Colombia
_bFaro Editores
_c2023
300 _a135 páginas
_bilustraciones, dibujos a color
_c21 cm
336 _atexto
_btxt
_2rdacontenido
337 _asin mediación
_bn
_2rdamedio
338 _avolumen
_bnc
_2rdasoporte
520 3 _aEn este precioso libro para mamás y papás que acaban de tener un bebé, el autor nos presenta escenas coti- dianas en las que se traducen el lenguaje de los recién nacidos, lo que les pasa y por qué. El Dr. Álvaro Bilbao, autor superventas, acompañado por las delicadas ilustraciones de Susana Soto, nos des- cubre las claves para entender a nuestro hijo desde su nacimiento. (Tomado a partes del texto).
521 _aRecomendado para un público adulto
650 1 0 _aPsicología del recién nacido
_2ARMARC
_959021
650 1 0 _aDesarrollo Infantil
_xEmociones
_2ARMARC
_959022
650 1 0 _aCrianza de niños
_xConducta
_2ARMARC
_959023
700 _aSoto, Susana
_959024
942 _2ddc
_cBK
999 _c57082
_d57082